Connexions.

Saved in:
Bibliographic Details
Corporate Author: Peoples Translation Service
Format: Journal
Language:English
Published: Oakland, Calif. : Peoples Translation Service, 1981-1995.
Subjects:
Online Access:Expanded Academic ASAP
Expanded Academic ASAP
LEADER 02424cas a2200529 a 4500
001 c000397255
003 CARM
005 20140527155230.0
007 cr nnu uuuuu
007 t|
008 140519d19811995cauqr p 0 a0eng d
010 |a 83645901  |z sn 83011831  |z sn 86000026 
019 1 |a 3084074  |5 LACONCORD2021 
022 0 |a 0886-7062  |z 0884-7002 
035 |a (OCoLC)8015674  |5 LACONCORD2021 
040 |a IU  |b eng  |c IU  |d LC 
042 |a lc  |a nsdp 
050 0 0 |a HQ1101  |b .C63 
082 0 4 |a 305.4  |2 23 
130 0 |a Connexions (Oakland, Calif.) 
210 0 |a Connexions  |b (Oakland Calif.) 
222 0 |a Connexions  |b (Oakland, Calif.) 
245 1 0 |a Connexions. 
260 |a Oakland, Calif. :  |b Peoples Translation Service,  |c 1981-1995. 
300 |a v. :  |b ill. ;  |c 31 cm. 
310 |a Quarterly 
362 0 |a No. 1 (Summer 1981)-no. 47 (1995). 
500 |a "International women's quarterly." 
500 |a Published: Berkeley, Calif., < ,no.39-no. 47> 
510 2 |a Alternative press index,  |x 0002-662X 
515 |a No. 1 preceded by a Special introductory issue called no. 0 and dated May 1, 1981. 
530 |a Also available online via the World Wide Web, by subscription to InfoTrac SearchBank. 
650 0 |a Women  |v Periodicals. 
650 0 |a Feminism  |v Periodicals. 
710 2 |a Peoples Translation Service. 
852 8 |b CARM  |p 0603377  |j 1(1981:Sum.)-11(1984:Win.),13(1984:Sum.)-21(1986:Sum.),25(1987:Win.)-38(1992)  |f SE 
852 8 |b CARM  |p 0603290  |j 39(1992)-47(1995)  |f SE 
852 8 |b SCAN  |h A3:AH10D0  |i F08854  |p 0603290  |f SE 
852 8 |b SCAN  |h A3:AK23D1  |i E02477  |p 0603377  |f SE 
866 0 |a 1(1981:Sum.)-47(1995) Inc. 
856 4 0 |u http://infotrac.galegroup.com/itw/infomark/1/1/1/purl=rc3%5fEAIM%5F0%5F%5Fjn+%22Connexions%22  |z Expanded Academic ASAP 
856 4 0 |u http://infotrac.galegroup.com/itw/infomark/1/1/1/purl=rc18%5fEAIM%5F0%5F%5Fjn+%22Connexions%22  |z Expanded Academic ASAP 
999 f f |i dc09ac85-3edf-513b-9a0d-d5165b9408b1  |s d9a3bfca-c3d6-512d-b367-2cd62e3ad8f8 
952 f f |p Can circulate  |a CAVAL  |b CAVAL  |c CAVAL  |d CARM 1 Store  |i book  |k 39(1992)-47(1995)  |m 0603290 
952 f f |p Can circulate  |a CAVAL  |b CAVAL  |c CAVAL  |d CARM 1 Store  |i book  |k 1(1981:Sum.)-11(1984:Win.),13(1984:Sum.)-21(1986:Sum.),25(1987:Win.)-38(1992)  |m 0603377 
952 f f |a CAVAL  |b CAVAL  |c CAVAL  |d Unmapped Location  |e E02477  |f A3:AK23D1  |h Other scheme 
952 f f |a CAVAL  |b CAVAL  |c CAVAL  |d Unmapped Location  |e F08854  |f A3:AH10D0  |h Other scheme